Stabilitätspolitik Theoretische Grundlagen und institutionelle Alternativen

Salvato in:
Dettagli Bibliografici
Autore principale: Wagner, Helmut
Natura: Libro
Lingua:tedesco
Pubblicazione: München Oldenbourg 1989
Edizione:1. Aufl.
Soggetti:
Tags: Aggiungi Tag
Nessun Tag, puoi essere il primo ad aggiungerne!!

MARC

LEADER 00000nam a2200000 4500
001 c002440
005 20221215125443.5
020 |a 3-486-21183-8 
041 0 |a ger 
044 |a DE 
245 1 0 |a Stabilitätspolitik  |b Theoretische Grundlagen und institutionelle Alternativen  |c Helmut Wagner 
250 |a 1. Aufl. 
264 1 |a München  |b Oldenbourg  |c 1989 
300 |a 316 s. 
610 2 0 |a stabilita hospodárstva 
610 2 0 |a makroekonomika 
610 2 0 |a mikroekonomika 
610 2 0 |a koncepcie 
610 2 0 |a teórie ekonomické 
610 2 0 |a modely ekonomicko-matematické 
610 2 0 |a politika hospodárska 
610 2 0 |a politika dôchodková 
100 1 |a Wagner, Helmut